Сопоставительные исследования (Запись № 9800015)

Подробности
000 -МАРКЕР
контрольное поле 03948nas1a22003491 4500
001 - ИДЕНТИФИКАТОР ЗАПИСИ
контрольное поле RU\NLR\Per\1113545
005 - ИДЕНТИФИКАТОР ВЕРСИИ
контрольное поле 20260429182815.0
035 ## - ДРУГИЕ СИСТЕМНЫЕ НОМЕРА
Идентификатор записи (NLR Aleph) 010716526
100 ## - ДАННЫЕ ОБЩЕЙ ОБРАБОТКИ
Данные общей обработки 20260503 rusy50
101 0# - ЯЗЫК РЕСУРСА
Язык текста, звукозаписи и т.д. русский
102 ## - СТРАНА ПУБЛИКАЦИИ ИЛИ ПРОИЗВОДСТВА
Страна публикации Российская Федерация
110 ## - ПОЛЕ КОДИРОВАННЫХ ДАННЫХ: ПРОДОЛЖАЮЩИЕСЯ РЕСУРСЫ
Кодированные данные продолжающегося ресурса zu|||||||||
200 1# - ЗАГЛАВИЕ И СВЕДЕНИЯ ОБ ОТВЕТСТВЕННОСТИ
Основное заглавие Сопоставительные исследования
Сведения, относящиеся к заглавию продолжающееся научное издание
Первые сведения об ответственности Воронеж. гос. ун-т, Фак. романо-герм. филологии, Каф. англ. яз. естеств.-науч. фак.
210 ## - ПУБЛИКАЦИЯ, РАСПРОСТРАНЕНИЕ И ДР.
Место издания, распространения и т.д. Воронеж
Имя издателя, распространителя и т. д. Истоки
Дата издания, распространения и т.д. 2013 -
300 ## - ОБЩИЕ ПРИМЕЧАНИЯ
Текст примечания В надзаг. также: Центр.-Чернозем. регион. отд-ние Науч.-метод. совета по иностр. яз. М-ва образования и науки РФ
601 02 - НАИМЕНОВАНИЕ ОРГАНИЗАЦИИ КАК ПРЕДМЕТ
Начальный элемент ввода Воронежский государственный университет
Структурное подразделение организации Кафедра английского языка естественно-научных факультетов
Формальный подзаголовок Периодические издания
Код системы nlr_sh2
Идентификатор авторитетной/нормативной записи RU\NLR\AUTH\6601569347
606 1# - НАИМЕНОВАНИЕ ТЕМЫ КАК ПРЕДМЕТ
Наименование темы Языкознание
Тематический подзаголовок Сравнительные методы
Формальный подзаголовок Периодические издания
Код системы nlr_sh2
Идентификатор авторитетной/нормативной записи RU\NLR\AUTH\661446608
686 1# - ИНДЕКСЫ ДРУГИХ КЛАССИФИКАЦИЙ
Индекс Ч489.64(2Р)7я54
686 1# - ИНДЕКСЫ ДРУГИХ КЛАССИФИКАЦИЙ
Индекс Ш1в653я5
712 02 - НАИМЕНОВАНИЕ ОРГАНИЗАЦИИ - ВТОРИЧНАЯ ОТВЕТСТВЕННОСТЬ
Начальный элемент ввода Воронежский государственный университет
Структурное подразделение Кафедра английского языка естественно-научных факультетов
Идентификатор авторитетной/нормативной записи RU\NLR\AUTH\880374484
Код отношения Прочие
712 02 - НАИМЕНОВАНИЕ ОРГАНИЗАЦИИ - ВТОРИЧНАЯ ОТВЕТСТВЕННОСТЬ
Начальный элемент ввода Совет ректоров высших учебных заведений Воронежской области
Идентификатор авторитетной/нормативной записи RU\NLR\AUTH\8810130379
Код отношения Прочие
852 ## - МЕСТОНАХОЖДЕНИЕ И ШИФР ХРАНЕНИЯ
Идентификатор организации NLR
Шифр хранения (Call Number) П34/2248
942 ## - ДОПОЛНИТЕЛЬНЫЕ ЭЛЕМЕНТЫ ЗАПИСИ (АБИС)
Тип экземпляра АБИС Продолжающееся издание
980 ## - КОЛЛЕКЦИЯ
Название коллекции Национальная библиография
980 ## - КОЛЛЕКЦИЯ
Название коллекции Русская периодика

Нет доступных экземпляров.